Pot of ___ Cards In Yu-Gi-Oh - Statistics

General Stats
  • This quiz has been taken 4 times
  • The average score is 4 of 12
Answer Stats
Answer % Correct
Pot of Avarice
100%
Pot of Greed
100%
Pot of Duality
50%
Pot of Desires
25%
Pot of Generosity
25%
Pot of Prosperity
25%
Pot of Riches
25%
Pot of The Forbidden
25%
Pot of Acquisitiveness
0%
Pot of Benevolence
0%
Pot of Dichotomy
0%
Pot of Extavegence
0%
No matching quizzes found
Score Distribution
Percent of People with Each Score
Percentile by Number Answered
Your Score History
You have not taken this quiz